000 00483nam a22001697a 4500
008 170616b xxu||||| |||| 00| p tur d
020 _a9789756198841
041 _atur
100 _aUzunbay, Zeynep
_9317
245 _aGeri Dönüşüm
_cZeynep Uzunbay
250 _a1. baskı
260 _aİstanbul
_bKomşu Yayınları
_cAğustos 2010
300 _a69 sayfa
500 _aKomşu Yayınları: 56; Şiir: 52 2 adet mevcuttur.
650 0 _9145
_aTürk Edebiyatı
942 _2lcc
_cBK
999 _c698
_d689